|
|
|
|
| LEADER |
00000cam a2200000 a 4500 |
| 001 |
1/108736 |
| 008 |
150918q19uu####fr | ||| |||| ||fre|| |
| 040 |
|
|
|a GR-MyUa
|b gre
|c GR-MyUa
|e AACR2
|
| 041 |
0 |
|
|a fre
|
| 082 |
7 |
|
|a 510.76
|2 (23)
|
| 110 |
2 |
|
|a Une Reunion de professeurs.
|
| 245 |
1 |
0 |
|a Algebre et trigonometrie cinematique :
|b classe de mathematiques : solutionnaire /
|c Une Reunion de professeurs.
|
| 260 |
|
|
|a Paris :
|b Ligel,
|c [19--].
|
| 300 |
|
|
|a 950 σ. :
|b σχέδια ;
|c 22 εκ.
|
| 650 |
|
0 |
|a Mathematics
|x Problems, exercises, etc.
|
| 650 |
|
0 |
|a Algebra
|x Problems, exercises, etc.
|
| 650 |
|
0 |
|a Trigonometry
|x Problems, exercises, etc.
|
| 852 |
|
|
|a INST
|b SAMOS
|c MAG
|e 20150918
|h 510.76 UNE
|p 005300035449
|q 005300035449
|t BK
|y 0
|
| 970 |
|
|
|a Σιτζίμη
|b Γιασεμή
|z 18/09/2015
|